000 00922nam a22002297a 4500
005 2009080601531.0
008 090806t xxu||||| |||| 00| 0 eng d
010 _aENG-94638
020 _a9788185002729
_c550.00
035 _aEN-78171
037 _bDBAD / PUB
040 _adpl
_bEnglish
082 _a158.1
100 _aKamekish
245 _aUnlearn before u-learn:
_bseven critical factors to get out of the rut /
_cby Kamekish
260 _aNew Delhi
_bPromilla & Co., Publishers in association with
_bBibliophile South Asia
_c2007
270 _aC-127, Sarvodaya Enclave,
_bNew Delhi
_e110017
300 _a419p.
_c22cm(pbk)
500 _aIncludes bibliographical references
942 _2ddc
_cEN
_mKAM
_h158.1
999 _c28968
_d28968